| 000 | 01106cam a22001934a 4500 | ||
|---|---|---|---|
| 005 | 20250605164355.0 | ||
| 008 | 250528s ||||||||||||||||||||||||d | ||
| 035 | _a24290 | ||
| 040 |
_aGR-AtMCL _bgre _dGR-AtMCL _eAACR2 |
||
| 245 | 1 | _aPulling Power - A New Standard in Winches / Damen Marine Components (DMC) is Setting New Standards in Winch Solutions. DMC is Applying Its Years of Experience in Winch Technology to the Delivery of High Quality, Cost-Effective Custom and Standard Winches, with First Time Options Including Constant Pressure (CP). DMC: Your Knowledge Centre for Winches | |
| 260 | _c2019 | ||
| 300 | _a38 | ||
| 520 | _aJ-ENG to Upgrate UEC45LSE, Wartsila Wins China LNG Contact, WinGD Trials Predictive Maintenance Tool, Incat to Build High Speed LNG Ferry, Leader Briefing, Shipyard Report, Ship Description, New WinGD Engines, Scheme B Milestone, The Heart of the Matter, The Bearable Lightness of H2, LNG Containment. | ||
| 700 | 1 |
_aEdstrom Nick _99444 |
|
| 942 | _cCR | ||
| 710 | 2 |
_aMotorship Propulsion And Future Fuels Conference _99835 |
|
| 999 |
_c9180 _d9180 |
||